Statistics for Makeup brands

Click here to take the quiz!

General Stats

  • This quiz has been taken 240 times
    (232 since last reset)
  • The average score is 9 of 46

Answer Stats

Answer% Correct
L'oreal
67%
Mac
66%
Maybelline
60%
Benefit
55%
Nyx
55%
Sephora
54%
Dior
51%
Chanel
47%
Too faced
47%
Nars
46%
Elf
45%
Urban decay
45%
Clinique
35%
Lancôme
29%
Revlon
29%
Estée lauder
28%
Rimmel
28%
Bobbi brown
25%
Bare minerals
18%
Laura mercier
13%
Max factor
12%
Olay
11%
Clarins
10%
Tom ford
10%
Yves saint laurent
10%
Stila
9%
No. 7
5%
Barry m
4%
Bourjois
3%
Jeffree star
3%
Real techniques
3%
Sigma
3%
Sleek
3%
Soap and glory
3%
The body shop
3%
Anistasia
2%
Makeup geek
2%
Natural collection
2%
Diego dalla palma
1%
Icing
1%
Lipstick queen
1%
Pür
1%
Tanya burr
1%
Tecnic
1%
Motvies
0%
Occ
0%

Score Distribution

Percentile by Number Answered

Percent of People with Each Score

Your Score History

You have not taken this quiz since the last reset